[Event "Asian Nation Cup Open 2018"]
[Site "Hamedan"]
[Date "2018.07.28"]
[Round "1"]
[White "Makhnev, Denis"]
[Black "Abdulwahhab, Ahmed Abdulsattar A"]
[Result "1-0"]
[WhiteElo "2437"]
[BlackElo "2290"]
[Annotator "NA"]
[PlyCount "94"]
[EventDate "2018.07.27"]
[EventType "swiss"]
[EventCountry "IRI"]
[SourceTitle "playchess.com"]
[Source "ChessBase"]
[SourceQuality "1"]
[WhiteTeam "Kazakhstan"]
[BlackTeam "Iraq"]
[WhiteTeamCountry "KAZ"]
[BlackTeamCountry "IRQ"]
[TimeControl "40/5400+30:1800+30"]

1. d4 {[%emt 0:00:00]} Nf6 {[%emt 0:00:25]} 2. Nf3 {[%emt 0:00:00]} g6 {[%emt 0:00:32]} 3. Bf4 {[%emt 0:00:00]} Bg7 {[%emt 0:00:18]} 4. e3 O-O {[%emt 0:00:58]} 5. Be2 {[%emt 0:00:25]} d6 {[%emt 0:00:31]} 6. h3 {[%emt 0:00:08]} c5 {[%emt 0:00:21]} 7. c3 {[%emt 0:00:21]} b6 {[%emt 0:02:33]} 8. O-O {[%emt 0:00:35]} Bb7 {[%emt 0:00:13]} 9. a4 {[%emt 0:00:14]} a6 {[%emt 0:00:15]} 10. Nbd2 {[%emt 0:00:06]} Nbd7 {[%emt 0:00:31]} 11. Bd3 {[%emt 0:00:35]} Rc8 {[%emt 0:04:48]} 12. Qe2 {[%emt 0:00:29]} Ra8 {[%emt 0:06:41]} 13. Bh2 {[%emt 0:15:53]} Re8 {[%emt 0:03:23]} 14. e4 {[%emt 0:00:40]} cxd4 {[%emt 0:01:28]} 15. cxd4 {[%emt 0:00:29]} e5 {[%emt 0:01:28]} 16. dxe5 {[%emt 0:13:58]} dxe5 17. b4 Nh5 {[%emt 0:04:50]} 18. Qe3 {[%emt 0:14:22]} Nf4 {[%emt 0:00:25]} 19. Bc4 {[%emt 0:00:12]} Qe7 {[%emt 0:06:02]} 20. Rab1 {[%emt 0:02:30]} Bh6 {[%emt 0:05:06]} 21. Kh1 {[%emt 0:00:50]} Kg7 {[%emt 0:01:58]} 22. Qb3 {[%emt 0:01:37]} f6 {[%emt 0:03:35]} 23. Rfd1 {[%emt 0:08:01]} Nf8 {[%emt 0:04:16]} 24. Bxf4 Bxf4 {[%emt 0:01:02]} 25. Bd5 {[%emt 0:02:44]} Bxd2 {[%emt 0:05:31]} 26. Rxd2 {[%emt 0:00:43]} Rad8 {[%emt 0:02:35]} 27. Rbd1 {[%emt 0:10:39]} Bxd5 {[%emt 0:02:35]} 28. exd5 {[%emt 0:02:45]} Qd7 {[%emt 0:02:08]} 29. Ne1 {[%emt 0:02:53]} Rc8 {[%emt 0:01:52]} 30. Nc2 {[%emt 0:01:17]} b5 {[%emt 0:01:31]} 31. axb5 {[%emt 0:00:56]} axb5 {[%emt 0:00:48]} 32. Na3 {[%emt 0:01:46]} Ra8 {[%emt 0:01:26]} 33. Qd3 {[%emt 0:05:26]} Reb8 {[%emt 0:02:18]} 34. Nc2 Ra4 {[%emt 0:03:42]} 35. f4 {[%emt 0:11:53]} exf4 {[%emt 0:02:47]} 36. Qf3 {[%emt 0:00:04]} g5 {[%emt 0:01:29]} 37. d6 {[%emt 0:00:52]} Re8 {[%emt 0:01:09]} 38. Qc3 {[%emt 0:01:55]} Raa8 {[%emt 0:03:19]} 39. Nd4 {[%emt 0:00:27]} Rac8 {[%emt 0:00:58]} 40. Qf3 {[%emt 0:02:28]} Re5 {[%emt 0:32:58]} 41. Qd3 {[%emt 0:31:01]} Kf7 {[%emt 0:02:50]} 42. Nb3 {[%emt 0:00:11]} Kg7 {[%emt 0:08:43]} 43. Nc5 {[%emt 0:00:07]} Qc6 {[%emt 0:00:17]} 44. Re2 {[%emt 0:01:01]} Rd8 {[%emt 0:01:00]} 45. Rxe5 {[%emt 0:00:18]} fxe5 {[%emt 0:00:06]} 46. Qf5 {[%emt 0:00:02]} Qe8 {[%emt 0:03:28]} 47. Qxg5+ {[%emt 0:00:26]} Kh8 {[%emt 0:00:40]} 1-0

[Event "Asian Nation Cup Open 2018"]
[Site "Hamedan"]
[Date "2018.07.28"]
[Round "1"]
[White "Gholami Orimi, Mahdi"]
[Black "Xu, Xiangyu"]
[Result "0-1"]
[WhiteElo "2334"]
[BlackElo "2585"]
[Annotator "ChessBase"]
[PlyCount "70"]
[EventDate "2018.07.27"]
[EventType "swiss"]
[EventCountry "IRI"]
[SourceTitle "playchess.com"]
[Source "ChessBase"]
[SourceQuality "1"]
[WhiteTeam "Iran"]
[BlackTeam "China"]
[WhiteTeamCountry "IRI"]
[BlackTeamCountry "CHN"]
[TimeControl "40/5400+30:1800+30"]

1. d4 {[%emt 0:00:00]} g6 {[%emt 0:00:06]} 2. Nf3 {[%emt 0:00:03]} Bg7 {[%emt 0:00:07]} 3. g3 {[%emt 0:00:14]} f5 {[%emt 0:00:07]} 4. Bg2 {[%emt 0:00:17]} Nf6 {[%emt 0:00:07]} 5. O-O {[%emt 0:00:14]} O-O {[%emt 0:00:06]} 6. b3 {[%emt 0:00:10]} b6 7. Bb2 Bb7 8. c4 e6 9. Nc3 Ne4 10. Rc1 Na6 11. Ne1 Qe7 12. e3 c5 13. d5 Rad8 14. Ba1 Bxc3 15. Bxe4 fxe4 16. d6 Qg5 17. Bxc3 Rde8 18. Qd2 Nb8 19. a3 Nc6 20. b4 Nd8 21. Ba1 Bc6 22. h4 Qf5 23. Qc3 e5 24. Rd1 Nf7 25. Kg2 Nh6 26. Qd2 Qh5 27. Qc1 g5 28. Rd2 gxh4 29. Rh1 Nf5 30. Kg1 Qg5 31. Ng2 hxg3 32. Qe1 Re6 33. Bc3 Rg6 34. Rh3 Qg4 35. Rh1 Qf3 0-1

[Event "Asian Nation Cup Open 2018"]
[Site "Hamedan"]
[Date "2018.07.28"]
[Round "1"]
[White "Noah, A  H  Al-Ali"]
[Black "Kostenko, Petr"]
[Result "0-1"]
[WhiteElo "2288"]
[BlackElo "2444"]
[Annotator "NA"]
[PlyCount "99"]
[EventDate "2018.07.27"]
[EventType "swiss"]
[EventCountry "IRI"]
[SourceTitle "playchess.com"]
[Source "ChessBase"]
[SourceQuality "1"]
[WhiteTeam "Iraq"]
[BlackTeam "Kazakhstan"]
[WhiteTeamCountry "IRQ"]
[BlackTeamCountry "KAZ"]
[TimeControl "40/5400+30:1800+30"]

1. e4 {[%emt 0:19:11]} e5 2. Nf3 {[%emt 0:02:52]} Nc6 {[%emt 0:00:34]} 3. d4 {[%emt 0:03:00]} exd4 {[%emt 0:00:37]} 4. Nxd4 {[%emt 0:00:06]} Bb4+ {[%emt 0:01:55]} 5. c3 {[%emt 0:10:11]} Be7 {[%emt 0:02:32]} 6. Nf5 {[%emt 0:11:38]} Bf6 {[%emt 0:01:04]} 7. Ng3 {[%emt 0:06:01]} g6 {[%emt 0:00:40]} 8. f4 {[%emt 0:02:27]} d6 {[%emt 0:00:10]} 9. Be3 {[%emt 0:01:47]} Bg7 {[%emt 0:02:51]} 10. Nd2 {[%emt 0:01:14]} Nf6 11. Bd3 Qe7 {[%emt 0:02:53]} 12. Qf3 {[%emt 0:05:12]} d5 13. O-O {[%emt 0:08:24]} Bg4 {[%emt 0:14:14]} 14. Qf2 {[%emt 0:00:03]} dxe4 {[%emt 0:00:11]} 15. Ndxe4 {[%emt 0:02:08]} O-O-O {[%emt 0:00:18]} 16. Bc5 {[%emt 0:01:47]} Qd7 17. Bc2 b6 {[%emt 0:10:00]} 18. h3 {[%emt 0:10:56]} Nxe4 {[%emt 0:01:25]} 19. Bxe4 {[%emt 0:01:18]} Be6 {[%emt 0:02:44]} 20. Qe2 {[%emt 0:01:47]} Na5 {[%emt 0:05:14]} 21. Rfd1 {[%emt 0:05:37]} Qe8 {[%emt 0:01:19]} 22. Bb4 {[%emt 0:00:05]} Rxd1+ {[%emt 0:09:57]} 23. Rxd1 {[%emt 0:00:02]} f5 {[%emt 0:01:23]} 24. Bf3 {[%emt 0:03:17]} Bc4 {[%emt 0:01:29]} 25. Qc2 Qe3+ {[%emt 0:16:52]} 26. Qf2 {[%emt 0:00:30]} Qxf2+ 27. Kxf2 Rd8 {[%emt 0:02:25]} 28. Bxa5 {[%emt 0:02:18]} Rxd1 29. Bxd1 bxa5 {[%emt 0:00:49]} 30. Bb3 {[%emt 0:00:07]} Bxb3 31. axb3 Kd7 {[%emt 0:00:53]} 32. Ke3 {[%emt 0:02:19]} Kc6 {[%emt 0:01:56]} 33. Kd3 {[%emt 0:00:53]} Bf8 {[%emt 0:02:25]} 34. Nf1 {[%emt 0:00:26]} Bd6 {[%emt 0:01:41]} 35. g3 {[%emt 0:00:04]} Bc5 {[%emt 0:00:15]} 36. g4 {[%emt 0:01:06]} fxg4 37. hxg4 Kd5 {[%emt 0:04:14]} 38. Ng3 {[%emt 0:01:08]} Bd6 {[%emt 0:01:20]} 39. c4+ {[%emt 0:00:28]} Ke6 {[%emt 0:00:20]} 40. Ke4 {[%emt 0:00:02]} Bf8 {[%emt 0:32:30]} 41. g5 {[%emt 0:31:18]} Bg7 {[%emt 0:00:17]} 42. Nf1 {[%emt 0:00:40]} Bxb2 43. Ne3 Kd6 {[%emt 0:02:09]} 44. Ng4 {[%emt 0:00:09]} Kc5 {[%emt 0:01:57]} 45. Kd3 {[%emt 0:01:17]} Bc1 {[%emt 0:00:35]} 46. Nf6 {[%emt 0:00:35]} Bxf4 {[%emt 0:00:43]} 47. Nxh7 {[%emt 0:00:02]} Kb4 {[%emt 0:01:52]} 48. Kc2 {[%emt 0:00:03]} a4 {[%emt 0:00:08]} 49. bxa4 {[%emt 0:00:03]} Kxc4 {[%emt 0:00:05]} 50. Nf8 {[%emt 0:00:12]} 0-1

[Event "Asian Nation Cup Open 2018"]
[Site "Hamedan"]
[Date "2018.07.28"]
[Round "1"]
[White "Al-Ali, Hussein Ali Hussein"]
[Black "Kazhgaleyev, Murtas"]
[Result "0-1"]
[WhiteElo "2267"]
[BlackElo "2575"]
[Annotator "ChessBase"]
[PlyCount "62"]
[EventDate "2018.07.27"]
[EventType "swiss"]
[EventCountry "IRI"]
[SourceTitle "playchess.com"]
[Source "ChessBase"]
[SourceQuality "1"]
[WhiteTeam "Iraq"]
[BlackTeam "Kazakhstan"]
[WhiteTeamCountry "IRQ"]
[BlackTeamCountry "KAZ"]
[TimeControl "40/5400+30:1800+30"]

1. e4 {[%emt 0:00:00]} e5 {[%emt 0:00:19]} 2. Nf3 {[%emt 0:00:00]} Nc6 {[%emt 0:00:03]} 3. Nc3 {[%emt 0:00:00]} Nf6 {[%emt 0:00:53]} 4. g3 d5 {[%emt 0:05:37]} 5. exd5 {[%emt 0:00:09]} Nxd5 {[%emt 0:00:04]} 6. Bg2 {[%emt 0:00:13]} Nf6 {[%emt 0:03:30]} 7. O-O {[%emt 0:00:22]} Bc5 {[%emt 0:03:02]} 8. d3 {[%emt 0:00:35]} h6 {[%emt 0:01:12]} 9. Be3 {[%emt 0:05:13]} Bxe3 {[%emt 0:04:08]} 10. fxe3 {[%emt 0:00:06]} Bg4 {[%emt 0:01:34]} 11. Qe1 {[%emt 0:01:52]} e4 {[%emt 0:06:39]} 12. dxe4 {[%emt 0:01:05]} O-O {[%emt 0:02:03]} 13. Rd1 {[%emt 0:06:43]} Nd7 {[%emt 0:05:29]} 14. Rd2 {[%emt 0:04:47]} Re8 {[%emt 0:07:14]} 15. h3 {[%emt 0:05:44]} Bxf3 {[%emt 0:03:12]} 16. Bxf3 Nce5 17. Bg2 c6 {[%emt 0:01:15]} 18. b3 {[%emt 0:02:13]} Qc7 {[%emt 0:02:29]} 19. a4 {[%emt 0:01:10]} Nc5 {[%emt 0:01:23]} 20. Qf2 {[%emt 0:02:56]} Qa5 {[%emt 0:02:15]} 21. Nb1 {[%emt 0:00:50]} Re7 {[%emt 0:01:57]} 22. Qf5 {[%emt 0:04:53]} Rae8 {[%emt 0:02:51]} 23. Rd4 {[%emt 0:09:31]} Ne6 24. c3 {[%emt 0:10:46]} Ng5 {[%emt 0:10:11]} 25. h4 {[%emt 0:02:25]} Ne6 {[%emt 0:03:03]} 26. Bh3 {[%emt 0:04:14]} Qc7 {[%emt 0:03:11]} 27. Bg2 {[%emt 0:08:48]} g6 {[%emt 0:08:43]} 28. Qf2 {[%emt 0:00:27]} Ng4 {[%emt 0:01:03]} 29. Qe1 {[%emt 0:00:15]} Nxd4 {[%emt 0:04:23]} 30. exd4 {[%emt 0:00:05]} f5 {[%emt 0:01:00]} 31. e5 {[%emt 0:02:40]} Qb6 {[%emt 0:00:19]} 0-1

[Event "Asian Nation Cup Open 2018"]
[Site "Hamedan"]
[Date "2018.07.28"]
[Round "1"]
[White "Mohammad Fahad, Rahman"]
[Black "Tabatabaei, M amin"]
[Result "0-1"]
[WhiteElo "2237"]
[BlackElo "2590"]
[Annotator "ChessBase"]
[PlyCount "70"]
[EventDate "2018.07.27"]
[EventType "swiss"]
[EventCountry "IRI"]
[SourceTitle "playchess.com"]
[Source "ChessBase"]
[SourceQuality "1"]
[WhiteTeam "Bangladesh"]
[BlackTeam "Iran"]
[WhiteTeamCountry "BAN"]
[BlackTeamCountry "IRI"]
[TimeControl "40/5400+30:1800+30"]

1. e4 {[%emt 0:00:00]} e5 {[%emt 0:00:06]} 2. Nf3 {[%emt 0:00:00]} Nc6 {[%emt 0:00:04]} 3. Bb5 {[%emt 0:00:00]} a6 {[%emt 0:00:03]} 4. Ba4 {[%emt 0:00:06]} b5 {[%emt 0:00:04]} 5. Bb3 {[%emt 0:00:06]} g6 6. d4 {[%emt 0:01:31]} exd4 {[%emt 0:00:10]} 7. Nxd4 {[%emt 0:00:02]} Na5 {[%emt 0:00:08]} 8. O-O {[%emt 0:08:47]} Bg7 {[%emt 0:00:36]} 9. c3 {[%emt 0:29:23]} Nxb3 {[%emt 0:02:15]} 10. Nxb3 {[%emt 0:00:17]} Ne7 {[%emt 0:00:14]} 11. Be3 {[%emt 0:00:30]} O-O {[%emt 0:02:26]} 12. Bd4 {[%emt 0:00:26]} f6 {[%emt 0:00:31]} 13. N1d2 {[%emt 0:00:39]} d6 {[%emt 0:00:34]} 14. Be3 {[%emt 0:04:45]} c5 {[%emt 0:03:48]} 15. Nf3 {[%emt 0:01:10]} Bb7 {[%emt 0:02:25]} 16. Bf4 {[%emt 0:02:38]} Nc8 {[%emt 0:05:27]} 17. Re1 Bc6 18. Qd2 {[%emt 0:04:17]} Ra7 {[%emt 0:04:10]} 19. Rad1 {[%emt 0:00:34]} Rd7 {[%emt 0:00:27]} 20. h4 {[%emt 0:06:05]} a5 {[%emt 0:03:11]} 21. c4 {[%emt 0:03:15]} b4 {[%emt 0:01:31]} 22. Qc2 {[%emt 0:08:43]} h6 {[%emt 0:00:30]} 23. Nh2 f5 {[%emt 0:10:56]} 24. exf5 {[%emt 0:05:56]} a4 {[%emt 0:02:14]} 25. Nc1 {[%emt 0:00:57]} Ne7 {[%emt 0:00:16]} 26. g4 {[%emt 0:12:40]} gxf5 {[%emt 0:01:02]} 27. Re6 {[%emt 0:00:18]} fxg4 {[%emt 0:00:57]} 28. Bxh6 {[%emt 0:00:27]} Nf5 {[%emt 0:06:01]} 29. Bg5 {[%emt 0:00:18]} Qa8 {[%emt 0:00:05]} 30. Qe2 {[%emt 0:00:51]} g3 {[%emt 0:00:49]} 31. fxg3 {[%emt 0:02:00]} Nd4 {[%emt 0:10:36]} 32. Rxd4 {[%emt 0:00:20]} Bxd4+ {[%emt 0:00:05]} 33. Be3 {[%emt 0:00:09]} Rg7 {[%emt 0:00:24]} 34. Nf1 {[%emt 0:01:14]} Qd8 {[%emt 0:04:48]} 35. Kh2 {[%emt 0:00:17]} Be5 {[%emt 0:02:54]} 0-1

[Event "Asian Nation Cup Open 2018"]
[Site "Hamedan"]
[Date "2018.07.29"]
[Round "2"]
[White "Adhiban, B."]
[Black "Ghaem Maghami, Ehsan"]
[Result "1/2-1/2"]
[WhiteElo "2671"]
[BlackElo "2537"]
[Annotator "TA"]
[PlyCount "43"]
[EventDate "2018.07.27"]
[EventType "swiss"]
[EventCountry "IRI"]
[SourceTitle "playchess.com"]
[Source "ChessBase"]
[SourceQuality "1"]
[WhiteTeam "India"]
[BlackTeam "Iran"]
[WhiteTeamCountry "IND"]
[BlackTeamCountry "IRI"]

{[%evp 20,43,41,12,53,41,44,48,43,40,52,45,51,51,126,13,8,8,8,8,8,8,10,8,8,4]} 1. Nf3 d5 2. c4 e6 3. g3 Nf6 4. Bg2 Be7 5. O-O O-O 6. b3 c5 7. Bb2 Nc6 8. cxd5 exd5 9. d4 Bg4 10. Nc3 Re8 11. Rc1 {LiveBook: 16 Games. D30: Queen's Gambit Declined: Systems without Nc3} (11. dxc5 Bxc5 12. Rc1 Bf8 13. h3 Bh5 14. Nb5 Ne4 15. Nbd4 Rc8 16. Rc2 Nb4 17. Rxc8 Qxc8 18. a3 Na6 19. Qc1 Nac5 20. Nh4 Be7 21. Ndf5 Bxh4 22. Nxg7 {1-0 (41) Giri,A (2696)-Swinkels,R (2485) Amsterdam 2012}) 11... Bxf3 12. Bxf3 cxd4 13. Nb5 {White is slightly better.} Qa5 {[#]} 14. Nxd4 $146 ({Predecessor:} 14. a4 Ne4 15. Nxd4 Nxd4 16. Bxd4 Nd2 17. Bc3 Nxf3+ 18. exf3 Qd8 {1-0 (54) Sulava,N (2551)-Mallahi,A (2406) Bled 2002}) 14... Qxa2 15. Bc3 Qa6 16. Nf5 Rad8 ({Black should play} 16... Bd8 $14) 17. Nxe7+ (17. Qd2 $16 {Threatens to win with Qg5.} h6 18. Qf4) 17... Rxe7 $11 {The position is equal.} 18. Bxf6 gxf6 19. Bxd5 Qxe2 20. Qxe2 Rxe2 21. Bxc6 bxc6 22. Rxc6 1/2-1/2

[Event "Asian Nation Cup Open 2018"]
[Site "Hamedan"]
[Date "2018.07.29"]
[Round "2"]
[White "Sasikiran, Krishnan"]
[Black "Pourramezanali, Amirreza"]
[Result "1-0"]
[WhiteElo "2666"]
[BlackElo "2537"]
[Annotator "TA"]
[PlyCount "151"]
[EventDate "2018.07.27"]
[EventType "swiss"]
[EventCountry "IRI"]
[SourceTitle "playchess.com"]
[Source "ChessBase"]
[SourceQuality "1"]
[WhiteTeam "India"]
[BlackTeam "Iran"]
[WhiteTeamCountry "IND"]
[BlackTeamCountry "IRI"]

{[%evp 30,151,18,26,33,30,29,27,37,8,8,7,7,7,6,9,6,0,0,0,6,0,39,39,62,64,98,99,108,110,114,114,109,112,147,135,211,219,212,203,264,270,383,395,376,213,213,213,213,213,213,213,213,142,142,142,142,142,142,142,142,142,142,142,142,142,142,142,197,205,194,142,142,142,142,142,2489,1982,477,1209,989,469,12847,29951,29945,29950,12791,12359,9299,2792,2755,2096,12800,12752,12800,11739,12520,5367,2622,12583,8166,7298,5367,5367,29978,29973,29980,29981,29981,29982,29984,29985,29986,29985,29972,29970,29986,29987,29986,29987,29988,29989,29991,29992]} 1. d4 d5 2. c4 c6 3. Nf3 Nf6 4. Nc3 e6 5. e3 Nbd7 6. Qc2 Bd6 7. Bd3 dxc4 8. Bxc4 b5 9. Be2 O-O 10. O-O Bb7 11. Rd1 Qc7 12. a3 {D46: Semi-Slav: 5 e3 Nbd7 6 Bd3, Black avoids the Meran} (12. Bd2 a5 13. Rac1 Rac8 14. Ne4 Nxe4 15. Qxe4 c5 16. Qh4 Bxf3 17. Bxf3 b4 18. dxc5 Nxc5 19. a3 Qd8 20. Qxd8 Rcxd8 21. axb4 {½-½ (66) Bocharov,D (2594)-Vitiugov,N (2740) Sochi 2018}) 12... a6 13. b4 a5 14. Bd2 axb4 15. axb4 Nd5 16. Rac1 {LiveBook: 4 Games} Nxb4 17. Qb1 Be7 $1 18. Nxb5 Qa5 19. Rc4 $146 {[%cal Rc4b4]} (19. Bxb4 {is interesting.} Qxb4 20. Qxb4 Bxb4 21. Rb1 Be7 22. Nd6) ({Predecessor:} 19. Bxb4 Qxb4 20. Qxb4 Bxb4 21. Rb1 Rfb8 22. Rxb4 Ba6 23. Ne5 Nxe5 24. dxe5 Bxb5 {½-½ (24) Salzmann,S (2280)-Schabata,W (2163) ICCF email 2015}) 19... Qxb5 20. Bxb4 Bxb4 21. Rxb4 Qxe2 22. Rxb7 Rfb8 {Hoping for ...Rxb7.} 23. Re1 (23. Rc1 {with more complications.} Qa6 24. Rb2 c5 25. dxc5 Qa3 26. Rxb8+ Rxb8 27. Qc2) 23... Qa6 24. Rxb8+ Rxb8 25. Qc2 c5 26. dxc5 {Black must now prevent c6.} Rc8 27. Ng5 f5 28. Rd1 Qc6 29. Qc4 Nxc5 30. Rc1 $1 $36 {[%mdl 2048] Threatens to win with Nxe6! Black is under strong pressure.} Rc7 {[#]} 31. Qh4 $1 {[%cal Rh4h7]} h6 {[#]} 32. Nxe6 $1 {[%mdl 512]} Rd7 (32... g5 $16 33. Qd4 (33. Qxh6 Qxe6 34. Qxg5+ Kf7 $14) 33... Rd7 34. Qxc5 Qxe6) (32... Nxe6 33. Rxc6) 33. Nd4 $18 (33. Nxc5 $6 Qxc5 34. Ra1 Qe5 $16) 33... Qd5 34. Qh5 Rf7 35. g4 Rf6 (35... Ne6 {was worth a try.} 36. Rc8+ (36. gxf5 Nxd4 37. Rc8+ Rf8 $14) (36. Nxf5 Ng5 $11) 36... Rf8 37. Rxf8+ Nxf8 38. Qxf5 Qf7) 36. Nxf5 {Intending Ne7+ and mate.} Kh7 {[#]} 37. Nd4 (37. Nxg7 $142 $1 {[%mdl 512]} Qd2 (37... Kxg7 38. Qxd5) 38. Rf1 (38. Qxc5 {gets mated.} Qxf2+ 39. Kh1 Qf3+ 40. Kg1 Qxg4+ 41. Kh1 Qf3+ 42. Kg1 Rg6+ 43. Qg5 Rxg5#) 38... Kxg7 39. Qxc5) 37... Qxh5 38. gxh5 {[%mdl 4096] Endgame KRN-KRN} Nd3 39. Rf1 Ra6 40. Rd1 Ne5 41. Ne2 Ng4 42. Nf4 Nf6 43. Kg2 Ra5 44. h4 {[%cal Bh2h4,Bh4h5][%mdl 32]} Nxh5 45. Nxh5 Rxh5 $16 {KR-KR} 46. Kg3 Ra5 47. e4 Kg6 48. Rd5 Ra2 (48... Ra1 $16 49. h5+ Kf6 50. Rf5+ Ke6) 49. h5+ $18 Kf6 50. f4 (50. Rc5 $18) 50... Re2 51. Kf3 Rh2 52. Ra5 Rb2 $2 {[%mdl 8192]} (52... Rh4 $16 53. Kg3 Rh1 54. Ra6+ Kf7) 53. Ra6+ Kf7 54. Ra7+ Kf8 55. e5 Rb4 (55... Rh2 $142 56. Kg4 Rh1) 56. Kg4 Rc4 57. Kf5 Rc6 58. Rd7 Ra6 59. Rd6 (59. e6 $142 Rb6 60. Ra7) 59... Ra1 60. Ke6 {[%cal Rd6d8]} Ra8 61. Rb6 Rc8 62. f5 Re8+ 63. Kd5 Ra8 64. f6 gxf6 65. Rxf6+ Kg7 66. Rg6+ Kh7 67. Rg1 {White mates.} Ra5+ 68. Kd6 Ra6+ 69. Ke7 Ra2 70. e6 {[%cal Be5e6,Be6e7][%mdl 32]} Rh2 71. Kd6 Rd2+ 72. Kc6 Rc2+ 73. Kd7 Rd2+ 74. Ke8 Re2 75. e7 Rd2 76. Rg6 {Precision: White = 75%, Black = 41%.} 1-0

[Event "Asian Nation Cup Open 2018"]
[Site "Hamedan"]
[Date "2018.07.29"]
[Round "2"]
[White "Maghsoodloo, Parham"]
[Black "Jumabayev, Rinat"]
[Result "1/2-1/2"]
[WhiteElo "2636"]
[BlackElo "2594"]
[Annotator "TA"]
[PlyCount "95"]
[EventDate "2018.07.27"]
[EventType "swiss"]
[EventCountry "IRI"]
[SourceTitle "playchess.com"]
[Source "ChessBase"]
[SourceQuality "1"]
[WhiteTeam "Iran"]
[BlackTeam "Kazakhstan"]
[WhiteTeamCountry "IRI"]
[BlackTeamCountry "KAZ"]

{[%evp 17,95,-14,-1,-23,0,-3,0,-10,0,-48,-40,-38,0,0,0,0,8,0,6,14,29,17,17,23,16,16,14,0,10,0,18,0,0,-20,-14,-12,-12,-39,-8,-8,0,0,0,0,0,0,0,4,13,22,260,279,684,525,537,238,238,201,201,215,215,188,218,64,65,65,131,0,0,0,0,0,0,0,0,0,0,0,0,0]} 1. Nf3 d5 2. g3 g6 3. Bg2 Bg7 4. O-O Nf6 5. d3 O-O 6. Nbd2 c5 7. e4 Nc6 8. c3 e5 9. Re1 d4 {LiveBook: 7 Games} 10. Nc4 {A08: King's Indian Attack} Re8 11. a4 Bf8 12. Bd2 Nd7 $146 ({Predecessor:} 12... dxc3 13. Bxc3 Nd7 14. Nfd2 Nb6 15. Ne3 a5 16. Ndc4 Nxc4 17. dxc4 Nd4 {1-0 (37) Kamsky,G (2670)-Preotu,R (2458) Greensboro 2015}) 13. cxd4 cxd4 14. a5 Qf6 15. Rf1 Rb8 16. Ne1 b5 17. axb6 $1 Nxb6 18. b3 Be6 19. f4 Bxc4 20. bxc4 Nd7 21. Nf3 Nc5 22. fxe5 Qe7 23. e6 Nxe6 24. e5 Rb6 25. Rf2 Bg7 26. Qf1 Reb8 27. Re1 Rb2 28. h4 {[%cal Bh2h4,Bh4h5][%mdl 32]} h6 29. h5 $1 {[#] Black must now prevent Nh4.} g5 30. Nxg5 $1 Rxd2 $1 31. Nxe6 $1 Rxf2 32. Qxf2 Qxe6 33. Bd5 Qd7 $2 (33... Qe8 $11 {and Black has nothing to worry.} 34. e6 f6) 34. e6 $18 Qd6 $2 (34... Qc7) 35. exf7+ Kf8 {...Ne7 is the strong threat.} 36. Re8+ (36. Re6 $142 Qd7 37. Rxc6) 36... Rxe8 37. fxe8=Q+ ({Resist} 37. fxe8=N+ $6 Kxe8 38. Qf7+ Kd8) 37... Kxe8 38. Qf7+ Kd8 39. Qxg7 {Hoping for Bxc6.} a5 {[%cal Ba7a5,Ba5a4,Ba4a3][%mdl 32]} 40. Bxc6 $2 (40. Be4 $18) 40... Qxc6 $14 41. Qxd4+ $18 {[%mdl 4096] Endgame KQ-KQ} Kc8 {[#]} (41... Qd7 $1 $14 42. Qf6+ Ke8 43. Qe5+ (43. Qxh6 Qxd3 44. Qe6+ Kf8 $18) 43... Qe7 44. Qxa5 Qe3+ 45. Kg2 Qe2+ 46. Kh3 Qe6+ 47. Kh4 Qe7+ 48. Kg4 Qe2+ 49. Kh3 Qe6+ 50. Kh4 Qe7+ 51. Kg4 Qe2+ 52. Kh3) 42. Kf2 ({White should play} 42. g4 $1 $16) 42... a4 $11 {The position is equal.} 43. Ke3 {And now Kd2 would win.} a3 $1 44. Qa1 Qb6+ 45. Kd2 a2 46. Kc2 Qf2+ 47. Kb3 {Strongly threatening Qb2.} Qb6+ 48. Kxa2 {Precision: White = 57%, Black = 52%.} 1/2-1/2

[Event "Asian Nation Cup Open 2018"]
[Site "Hamedan"]
[Date "2018.07.29"]
[Round "2"]
[White "Nguyen, Ngoc Truong Son"]
[Black "Lu, Shanglei"]
[Result "1/2-1/2"]
[WhiteElo "2618"]
[BlackElo "2629"]
[Annotator "TA"]
[PlyCount "92"]
[EventDate "2018.07.27"]
[EventType "swiss"]
[EventCountry "IRI"]
[SourceTitle "playchess.com"]
[Source "ChessBase"]
[SourceQuality "1"]
[WhiteTeam "Vietnam"]
[BlackTeam "China"]
[WhiteTeamCountry "VIE"]
[BlackTeamCountry "CHN"]

{[%evp 22,92,22,23,44,41,42,41,43,39,31,47,45,50,41,20,44,20,65,42,54,24,67,23,10,4,53,41,111,123,130,154,120,107,187,179,179,187,202,191,189,191,165,36,186,127,132,0,0,0,14,0,0,0,0,0,20,21,17,23,37,37,37,37,37,37,37,37,37,37,37,37,37]} 1. e4 e6 2. d4 d5 3. Nc3 dxe4 4. Nxe4 Nd7 5. Nf3 Ngf6 6. Nxf6+ Nxf6 7. Be3 Nd5 {C10: Französische Verteidigung (Rubinstein-Variante)} 8. Bd2 c5 9. Bb5+ Bd7 10. Bxd7+ Qxd7 11. c4 Nb6 12. Rc1 {LiveBook: 21 Partien} Be7 13. dxc5 Bxc5 14. b4 Be7 15. c5 {[#]} Nd5 $146 16. Ne5 Qc7 17. Qa4+ Kf8 18. Nd3 h5 19. O-O h4 20. h3 Rh5 21. Rfe1 a6 22. Qc2 (22. b5 $5 {[%cal Rb5b6]}) 22... Rd8 23. a4 Qd7 24. c6 Qc7 {[#]} (24... bxc6 $14 25. Ne5 (25. Qxc6 Qxc6 26. Rxc6 Nf6 $17) 25... Qb7) 25. Nc5 $1 $16 Bxc5 26. Qxc5+ Kg8 27. Qa7 $36 {[%mdl 2048] Weiss ist am Drücker.} Rb8 (27... bxc6 $16 28. Qxa6 Ne7) 28. b5 axb5 29. axb5 b6 30. Ra1 ({Jedoch nicht} 30. Qxc7 $6 Nxc7 31. Bf4 Rc8 $16) 30... Rf5 31. Re4 Qd8 32. Rea4 ({Günstiger ist} 32. Raa4 $18) 32... Kh7 (32... Nc7 $1 $14) 33. Be3 ({Lieber} 33. Rc1 $18 {Schwarz muss nun c7 beachten.} Rc8 34. Rcc4) 33... Rc8 34. Qb7 (34. Rd4 $16) 34... Nxe3 $11 35. fxe3 Rxb5 36. Qxf7 {[#] Tf1 ist eine echte Drohung.} Rxc6 37. Rg4 {[%csl Gg4][%cal Rf7g7]} Qf6 38. Ra7 {Weiss droht Txh4+! und Matt.} Rc1+ 39. Kh2 {Droht Matt per Txh4+!} Qxf7 $1 40. Rxf7 {[%mdl 4096] Endspiel KTT-KTT} Kh6 {Und ...g5 würde nun gewinnen.} 41. Rxh4+ {Weiß steht etwas besser.} Kg6 42. Rb7 Rg5 43. Rxb6 Rc2 44. Rg4 ({Vergiftet wäre} 44. Rxe6+ $2 Kf7 $19) 44... Rxg4 45. hxg4 Kf6 46. Kg3 g5 {Precision: Weiß = 66%, Schwarz = 55%.} 1/2-1/2